Mechanistic study of the role of one-component resins in rubber-to-brass bonding in tires (Record no. 62793)

MARC details
000 -LEADER
fixed length control field 00446nam a2200157Ia 4500
100 ## - MAIN ENTRY--AUTHOR NAME
Personal name Patil Pankaj Y
245 #0 - TITLE STATEMENT
Title Mechanistic study of the role of one-component resins in rubber-to-brass bonding in tires
260 ## - PUBLICATION, DISTRIBUTION, ETC. (IMPRINT)
Name of publisher Rubber Chemistry and Technology
Year of publication 2004
300 ## - PHYSICAL DESCRIPTION
Number of Pages 891-913
650 ## - SUBJECT ADDED ENTRY--TOPICAL TERM
Topical Term Bonding
650 ## - SUBJECT ADDED ENTRY--TOPICAL TERM
Topical Term Resins
650 ## - SUBJECT ADDED ENTRY--TOPICAL TERM
Topical Term Tires
700 ## - ADDED ENTRY--PERSONAL NAME
Personal name van Ooij William J
942 ## - ADDED ENTRY ELEMENTS (KOHA)
Koha item type Journals
Holdings
Withdrawn status Lost status Damaged status Not for loan Home library Current library Shelving location Date acquired Serial Enumeration / chronology Koha item type
      Journals RRII Library RRII Library Rubber chemistry 17/12/2021 Volume 77, Issue 5 Journals